[Event "Bundesliga 2122"]
[Site "Germany"]
[Date "2022.04.09"]
[Round "3.2"]
[White "Neiksans, Arturs"]
[Black "Gajewski, Grzegorz"]
[Result "1/2-1/2"]
[WhiteElo "2577"]
[BlackElo "2589"]
[PlyCount "68"]
[EventDate "2022.03.05"]
[EventType "team-tourn"]
[EventRounds "15"]
[EventCountry "GER"]
[SourceTitle "EXT 2023"]
[Source "ChessBase"]
[SourceDate "2022.10.05"]
[SourceVersion "1"]
[SourceVersionDate "2022.10.05"]
[SourceQuality "1"]
[WhiteTeam "Muelheim Nord"]
[BlackTeam "Dresden TU"]
[WhiteTeamCountry "GER"]
[BlackTeamCountry "GER"]

1. e4 c5 2. Nf3 d6 3. Bb5+ Nd7 4. Ba4 Ngf6 5. 0-0 e6 6. Re1 a6 7. c3 b5 8. Bc2 Bb7 9. d4 Be7 10. Nbd2 Qc7 11. Nf1 0-0 12. Ng3 Rfe8 13. Qe2 a5 14. a4 cxd4 15. cxd4 Rec8 16. Bd3 bxa4 17. Rxa4 d5 18. e5 Ne4 19. Bf4 Bb4 20. Rf1 f5 21. Raa1 Nf8 22. Rfc1 Qb6 23. Be3 Rxc1+ 24. Rxc1 a4 25. Qd1 a3 26. bxa3 Rxa3 27. Ra1 Ba6 28. Rxa3 Bxa3 29. Ne2 Bc4 30. h4 Qb5 31. Nf4 Ng6 32. Nxg6 hxg6 33. Bxe4 dxe4 34. Ng5 Qb3 1/2-1/2

[Event "Wch Blitz"]
[Site "Warsaw"]
[Date "2021.12.30"]
[Round "19"]
[White "Gajewski, Grzegorz"]
[Black "Pichot, Alan"]
[Result "1/2-1/2"]
[WhiteElo "2589"]
[BlackElo "2625"]
[PlyCount "170"]
[EventDate "2021.12.29"]
[EventType "swiss (blitz)"]
[EventRounds "21"]
[EventCountry "POL"]
[SourceTitle "CBM 205 Extra"]
[Source "ChessBase"]
[SourceDate "2022.01.31"]
[SourceVersion "1"]
[SourceVersionDate "2022.01.31"]
[SourceQuality "1"]

1. d4 Nf6 2. Nf3 d5 3. c3 Bf5 4. Qb3 Qc8 5. Bg5 c6 6. Nbd2 Nbd7 7. e3 e6 8. Nh4 Bg6 9. Nxg6 hxg6 10. Bd3 Bd6 11. e4 Be7 12. e5 Ng8 13. Nf3 Qc7 14. h4 Bxg5 15. Nxg5 Ne7 16. g3 a6 17. 0-0 c5 18. Qd1 Nc6 19. Qf3 Rf8 20. Qf4 Qb6 21. dxc5 Qxc5 22. Rfe1 0-0-0 23. Nxf7 Ndxe5 24. Rxe5 Nxe5 25. Qxe5 Rxf7 26. Qxe6+ Rdd7 27. Rf1 Rf6 28. Qg4 Kc7 29. Bxg6 d4 30. Be8 Re7 31. cxd4 Qf5 32. Rc1+ Kd6 33. Qxf5 Rxf5 34. Bg6 Rd5 35. Rc2 Rxd4 36. Kg2 Re5 37. h5 Red5 38. Rc8 Re5 39. f4 Re7 40. Rc2 b5 41. Kf3 a5 42. g4 b4 43. g5 Re1 44. Rf2 Rh1 45. Kg4 a4 46. Kf5 a3 47. bxa3 bxa3 48. Rf3 Rd5+ 49. Kg4 Ra5 50. Kg3 Rg1+ 51. Kh3 Ra1 52. Rf2 Rb5 53. h6 gxh6 54. gxh6 Ke7 55. h7 Rb8 56. Kg4 Kf6 57. f5 Rh1 58. Rf3 Rb4+ 59. Kg3 Ra4 60. Rb3 Ra8 61. Kg2 Rh4 62. Rb6+ Kg7 63. Rb7+ Kf6 64. Kg3 Rh1 65. Rb3 Kg7 66. Kg2 Rh4 67. Kg3 Rh1 68. Kf4 Rf1+ 69. Ke5 Re1+ 70. Kd4 Re2 71. Rb7+ Kf6 72. Ra7 Rd8+ 73. Kc3 Rxa2 74. Kb3 Rb2+ 75. Kxa3 Rb6 76. Ra4 Kg7 77. Rb4 Rbd6 78. Rb7+ Kh8 79. Kb4 Rc8 80. Rb5 Rdc6 81. Kb3 Kg7 82. Rb7+ Kh8 83. Rb4 Rc3+ 84. Kb2 R3c6 85. Kb3 Kg7 1/2-1/2

[Event "Wch Blitz"]
[Site "Warsaw"]
[Date "2021.12.30"]
[Round "21"]
[White "Gajewski, Grzegorz"]
[Black "Shevchenko, Kirill"]
[Result "0-1"]
[WhiteElo "2589"]
[BlackElo "2655"]
[PlyCount "98"]
[EventDate "2021.12.29"]
[EventType "swiss (blitz)"]
[EventRounds "21"]
[EventCountry "POL"]
[SourceTitle "CBM 205 Extra"]
[Source "ChessBase"]
[SourceDate "2022.01.31"]
[SourceVersion "1"]
[SourceVersionDate "2022.01.31"]
[SourceQuality "1"]

1. Nf3 Nf6 2. c4 g6 3. Nc3 Bg7 4. e4 d6 5. d4 0-0 6. Be2 e5 7. 0-0 Nc6 8. d5 Ne7 9. a4 Nh5 10. a5 h6 11. b4 f5 12. exf5 Nxf5 13. Ne4 Nf4 14. Bxf4 exf4 15. Rc1 g5 16. h3 Qe8 17. Bd3 Qh5 18. c5 Rf7 19. Re1 Bd7 20. cxd6 cxd6 21. Rc7 Raf8 22. Nh2 Qxd1 23. Rxd1 Ba4 24. Rdc1 Bb2 25. Rxf7 Rxf7 26. Rc8+ Rf8 27. Rc7 Rf7 28. Rc8+ Kg7 29. Nf3 Bd7 30. Rc2 Ba3 31. b5 Ne7 32. Ra2 Bb4 33. Ra4 Bc5 34. Nxc5 dxc5 35. Ne5 Nxd5 36. Nxf7 Kxf7 37. Bc4 Be6 38. b6 axb6 39. Bxd5 Bxd5 40. axb6 Ke6 41. Ra8 h5 42. Rg8 Kf5 43. Re8 c4 44. Kf1 g4 45. hxg4+ hxg4 46. g3 fxg3 47. fxg3 Bf3 48. Kf2 Bc6 49. Ke3 Bxe8 0-1

[Event "Wch Blitz"]
[Site "Warsaw"]
[Date "2021.12.29"]
[Round "11"]
[White "Gajewski, Grzegorz"]
[Black "Movsesian, Sergei"]
[Result "1-0"]
[WhiteElo "2589"]
[BlackElo "2608"]
[PlyCount "49"]
[EventDate "2021.12.29"]
[EventType "swiss (blitz)"]
[EventRounds "21"]
[EventCountry "POL"]
[SourceTitle "CBM 205 Extra"]
[Source "ChessBase"]
[SourceDate "2022.01.31"]
[SourceVersion "1"]
[SourceVersionDate "2022.01.31"]
[SourceQuality "1"]

1. Nf3 d5 2. g3 c6 3. Bg2 Bg4 4. d3 Nd7 5. 0-0 Ngf6 6. h3 Bh5 7. c4 e6 8. cxd5 exd5 9. e4 dxe4 10. dxe4 Nc5 11. e5 Qxd1 12. Rxd1 Nd5 13. Nc3 Nxc3 14. bxc3 Be7 15. Be3 Rd8 16. Rxd8+ Kxd8 17. Nd4 Bg6 18. Bxc6 Kc7 19. Bg2 a6 20. f4 Bd3 21. Bd5 f6 22. Rd1 Rd8 23. Rxd3 Rxd5 24. Nb5+ Kc6 25. Na7+ 1-0

[Event "Wch Blitz"]
[Site "Warsaw"]
[Date "2021.12.29"]
[Round "7"]
[White "Gajewski, Grzegorz"]
[Black "Theodorou, Nikolas"]
[Result "1-0"]
[WhiteElo "2589"]
[BlackElo "2577"]
[PlyCount "89"]
[EventDate "2021.12.29"]
[EventType "swiss (blitz)"]
[EventRounds "21"]
[EventCountry "POL"]
[SourceTitle "CBM 205 Extra"]
[Source "ChessBase"]
[SourceDate "2022.01.31"]
[SourceVersion "1"]
[SourceVersionDate "2022.01.31"]
[SourceQuality "1"]

1. Nf3 Nf6 2. c4 g6 3. Nc3 Bg7 4. e4 d6 5. d4 0-0 6. Be2 Na6 7. 0-0 e5 8. Be3 Qe7 9. dxe5 dxe5 10. a3 Ng4 11. Bd2 f5 12. b4 c6 13. c5 Nc7 14. Bg5 Bf6 15. Bxf6 Rxf6 16. h3 Nh6 17. exf5 gxf5 18. Re1 e4 19. Nd4 Ne6 20. Bc4 Kg7 21. Bxe6 Bxe6 22. Qd2 Nf7 23. Nce2 Bd7 24. Nf4 Rh6 25. Re3 Kh8 26. Rg3 Rg8 27. Rxg8+ Kxg8 28. Rd1 Qg5 29. Qe3 Ne5 30. Kf1 Rf6 31. Nde2 Rf7 32. Qc3 Qe7 33. Rd6 Rf6 34. Rd1 b6 35. Ng3 Rf7 36. Ngh5 Bc8 37. Rd6 bxc5 38. bxc5 Ba6+ 39. Kg1 Nd3 40. Ne6 h6 41. Rd8+ Kh7 42. Qh8+ Kg6 43. Nhf4+ Nxf4 44. Nxf4+ Kg5 45. g3 1-0

[Event "Wch Blitz"]
[Site "Warsaw"]
[Date "2021.12.29"]
[Round "2"]
[White "Kosakowski, Jakub"]
[Black "Gajewski, Grzegorz"]
[Result "1-0"]
[WhiteElo "2437"]
[BlackElo "2589"]
[PlyCount "79"]
[EventDate "2021.12.29"]
[EventType "swiss (blitz)"]
[EventRounds "21"]
[EventCountry "POL"]
[SourceTitle "CBM 205 Extra"]
[Source "ChessBase"]
[SourceDate "2022.01.31"]
[SourceVersion "1"]
[SourceVersionDate "2022.01.31"]
[SourceQuality "1"]

1. e4 c5 2. Nf3 e6 3. d4 cxd4 4. Nxd4 a6 5. Bd3 Bc5 6. Nb3 Be7 7. Qg4 g6 8. Qe2 d6 9. a4 Nd7 10. Na3 Ne5 11. 0-0 Bd7 12. a5 Rc8 13. Be3 Qc7 14. f4 Nxd3 15. cxd3 Nf6 16. Nc4 0-0 17. Nb6 Rcd8 18. Rac1 Qb8 19. Bd4 Bb5 20. Rc3 Nd7 21. Rfc1 Rfe8 22. Kh1 e5 23. fxe5 dxe5 24. Be3 Nxb6 25. Bxb6 Rd7 26. Qe3 Bf8 27. Nc5 Rd6 28. Qf3 Bg7 29. Rf1 f6 30. Rfc1 Bc6 31. Qf2 Qc8 32. b4 Qg4 33. h3 Qg5 34. Nxa6 Bxe4 35. dxe4 bxa6 36. Be3 Qh5 37. Rc7 Rd1+ 38. Kh2 Rxc1 39. Bxc1 f5 40. Qa2+ 1-0